Name the Landmark 90 Second Sprint #3 - Statistics

General Stats
  • This quiz has been taken 17 times
  • The average score is 6 of 16
Answer Stats
Picture Answer % Correct
Uluru
73%
Golden Gate Bridge
67%
Hollywood Sign
67%
Central Park
60%
Mount Rushmore
60%
Arc d Triomphe
47%
Victoria Falls
40%
Chichen Itza
33%
Washington Monument
33%
Acropolis
27%
Tokyo Tower
27%
Motherland Calls
7%
N Seoul Tower
7%
Panama Canal
7%
Taipei 101
7%
Shwedagon Pagoda
0%
No matching quizzes found
Score Distribution
Percent of People with Each Score
Percentile by Number Answered
Your Score History
You have not taken this quiz